=LDR 00000nam 2200000 4500 =001 000513 =005 20250710104205 =035 ##$$a 0010-0725000375 =007 ta =008 250710################a##########0#ind## =020 ##$$a 978-623-307-272-4 =082 ##$$a 398.209 598 =084 ##$$a 398.209 598 VIJ s =100 #$$a Vijayan, Yamini =245 1#$$a Satya, Awas! /$c Yamini Vijayan =250 ##$$a Cetakan Pertama =260 ##$$a Jakarta Timur :$b Badan Pengembangan dan Pembinaan Bahasa,$c 2024 =300 ##$$a 16 hlm. : $b ilus. ; $c 29 cm =650 #4$$a Cerita Anak Indonesia-Terjemahan =650 #4$$a Literasi-Bahan Bacaan =856 ##$$a TBM As Suhada =990 ##$$a TBM02660266